[Event "Tournoi francophone 020E"]
[Site "Skype"]
[Date "????.??.??"]
[Round "1.1"]
[White "Montilla Bejarano, Mey"]
[Black "Ortis, Yves"]
[Result "0-1"]
[WhiteElo "1088"]
[BlackElo "1112"]
[PlyCount "38"]

1. d4 d5 2. c4 Nf6 3. cxd5 Nxd5 4. e4 Nf6 5. Nc3 e6 6. a3 Bd7 7. Bf4 Nc6 8. Be3
g6 9. f4 Bh6 10. g4 e5 11. dxe5 Nxg4 12. Bc1 Qh4+ 13. Ke2 Qf2+ 14. Kd3 Qd4+ 15.
Ke2 Qf2+ 16. Kd3 O-O-O 17. Qe2 Be6+ 18. Kc2 Nd4+ 19. Kb1 Nxe2 0-1

[Event "Tournoi francophone 020E"]
[Site "Skype"]
[Date "????.??.??"]
[Round "1.2"]
[White "Hargez, Dany"]
[Black "Rodriguez, Nathalie"]
[Result "0-1"]
[WhiteElo "1296"]
[BlackElo "1224"]
[PlyCount "78"]

1. e4 e5 2. Nf3 Nc6 3. Bc4 Nf6 4. d3 d5 5. exd5 Nxd5 6. O-O Be6 7. Bb5 Qd6 8.
Bxc6+ Qxc6 9. Nxe5 Qd6 10. d4 Be7 11. Nc4 Qa6 12. Ne5 O-O 13. c4 Nb6 14. Bf4
Nxc4 15. Qd3 Nxb2 16. Qg3 Rfd8 17. Be3 Bd6 18. Bf4 Qb6 19. Nf3 Bxf4 20. Qxf4
Bd5 21. Nbd2 Nd3 22. Qe3 Nb4 23. Rfc1 Bxf3 24. Nxf3 Nc6 25. Rd1 Rd5 26. Ne5
Nxd4 27. Nc4 Qc5 28. Qd3 Rad8 29. Qf1 b5 30. Ne3 R5d7 31. Rd3 Nc2 32. Rad1 Nxe3
33. Rxd7 Rxd7 34. Rxd7 h6 35. Qd3 Qc1+ 36. Qd1 Nxd1 37. h4 Ne3+ 38. Kh2 Ng4+
39. Kg3 h5 0-1

[Event "Tournoi francophone 020E"]
[Site "Skype"]
[Date "????.??.??"]
[Round "1.3"]
[White "Milanese, Serge"]
[Black "Codina, Teresa"]
[Result "1-0"]
[WhiteElo "1202"]
[BlackElo "1254"]
[PlyCount "79"]

1. d4 d5 2. Bf4 e6 3. e3 Bd6 4. Bg3 Nf6 5. Nd2 O-O 6. Bd3 b6 7. Ngf3 Nbd7 8. c3
Bb7 9. Bh4 h6 10. O-O c5 11. Re1 Re8 12. Bb5 Rf8 13. Bxd7 Qxd7 14. Ne5 Qb5 15.
Qc2 Ne4 16. Nd3 Nxd2 17. Qxd2 c4 18. Ne5 Bc7 19. Qe2 Bd8 20. Bg3 Bf6 21. f3
Rac8 22. Qc2 Bxe5 23. Bxe5 f6 24. Bg3 Rce8 25. f4 f5 26. h4 h5 27. Rab1 a5 28.
Qe2 Qd7 29. Qxh5 Qf7 30. Qe2 g6 31. Kf2 Kg7 32. a4 Qe7 33. b4 axb4 34. Rxb4 Ra8
35. Ra1 Qd8 36. Qd1 Rf7 37. h5 g5 38. Qh1 Kh6 39. fxg5+ Qxg5 40. Bf4 1-0

[Event "Tournoi francophone 020E"]
[Site "Skype"]
[Date "????.??.??"]
[Round "1.4"]
[White "De Fazio, Monica"]
[Black "Maccaferri, Massimo"]
[Result "1-0"]
[WhiteElo "1008"]
[BlackElo "1052"]
[PlyCount "45"]

1. Nf3 Nc6 2. d4 e5 3. c3 h6 4. Nxe5 Nxe5 5. dxe5 Bc5 6. b4 Bb6 7. a4 a5 8. e3
Qe7 9. f4 axb4 10. Nd2 bxc3 11. Nc4 Qb4 12. Nxb6 cxb6 13. Bd3 d5 14. Bb5+ Bd7
15. Bxd7+ Kxd7 16. Qxd5+ Ke7 17. Qxb7+ Ke6 18. Qc6+ Ke7 19. Qxa8 c2+ 20. Kf2
Ke6 21. Qc8+ Ke7 22. Qxc2 f6 23. Ba3 1-0

[Event "Tournoi francophone 020E"]
[Site "Skype"]
[Date "????.??.??"]
[Round "1.5"]
[White "Tolaro, Filippa"]
[Black "Gerbaux, Regis"]
[Result "1-0"]
[WhiteElo "1048"]
[BlackElo "1023"]
[PlyCount "49"]

1. Nf3 d5 2. d4 Nf6 3. Bf4 e6 4. e3 Nbd7 5. Bd3 c6 6. c3 Be7 7. Nbd2 O-O 8. O-O
c5 9. Ne5 Nxe5 10. Bxe5 Bd6 11. f4 c4 12. Be2 Nd7 13. Bxd6 Re8 14. Nf3 Nf6 15.
Be5 Ne4 16. Ng5 f6 17. Nxe4 dxe4 18. Bxc4 fxe5 19. fxe5 a6 20. Qg4 b5 21. Be2
Qe7 22. Qxe4 Bb7 23. Qg4 b4 24. Rf6 Bc8 25. Raf1 1-0

[Event "Tournoi francophone 020E"]
[Site "Skype"]
[Date "????.??.??"]
[Round "2.1"]
[White "Ortis, Yves"]
[Black "Gerbaux, Regis"]
[Result "1-0"]
[WhiteElo "1112"]
[BlackElo "1023"]
[PlyCount "45"]

1. d4 d5 2. f4 f5 3. e3 e6 4. Bd3 Nf6 5. Nc3 Bb4 6. Bd2 a6 7. Nf3 Nbd7 8. Ne2
Bxd2+ 9. Qxd2 O-O 10. h3 b6 11. Ng5 Re8 12. Ng3 c5 13. b4 c4 14. Be2 Ne4 15.
N3xe4 fxe4 16. c3 e5 17. O-O exf4 18. h4 h6 19. Bh5 fxe3 20. Bf7+ Kh8 21. Qxe3
hxg5 22. hxg5 Rf8 23. Qh3# 1-0

[Event "Tournoi francophone 020E"]
[Site "Skype"]
[Date "????.??.??"]
[Round "2.2"]
[White "Maccaferri, Massimo"]
[Black "Tolaro, Filippa"]
[Result "0-1"]
[WhiteElo "1052"]
[BlackElo "1048"]
[PlyCount "36"]

1. b3 d5 2. Bb2 Nf6 3. e3 Bf5 4. Be2 Nbd7 5. Nc3 e6 6. Na4 Rb8 7. h4 h6 8. Nh3
b5 9. Nc3 a6 10. a4 c6 11. Bf3 b4 12. Ne2 a5 13. Neg1 Be4 14. Qe2 Bxc2 15. d3
Bxb3 16. Ra3 bxa3 17. Ba1 Bxa4 18. d4 Rb1+ 0-1

[Event "Tournoi francophone 020E"]
[Site "Skype"]
[Date "????.??.??"]
[Round "2.3"]
[White "Codina, Teresa"]
[Black "De Fazio, Monica"]
[Result "0-1"]
[WhiteElo "1254"]
[BlackElo "1008"]
[PlyCount "108"]

1. d4 Nf6 2. Nf3 d5 3. b3 e6 4. Ba3 Bxa3 5. Nxa3 O-O 6. e3 Qe7 7. Qc1 c6 8. Bd3
Nbd7 9. O-O c5 10. c4 Nb6 11. Nc2 cxd4 12. exd4 Bd7 13. c5 Nc8 14. Re1 b6 15.
b4 a5 16. a3 bxc5 17. bxc5 Na7 18. a4 Nc6 19. Rb1 Rab8 20. Bb5 Na7 21. Bxd7
Nxd7 22. Re3 Nc6 23. Rb5 e5 24. dxe5 Ncxe5 25. Nxe5 Nxe5 26. Rxa5 Qc7 27. Rb5
Rxb5 28. axb5 Nc4 29. Rf3 Qxc5 30. Qf4 Qxb5 31. h3 Qb1+ 32. Kh2 Qxc2 33. Qd4
Qd2 34. Rd3 Qg5 35. Qxd5 Qxd5 36. Rxd5 Nb6 37. Rd6 Nc4 38. Rd4 Ne5 39. Re4 f6
40. g4 Re8 41. Kg3 Kf7 42. f4 Ng6 43. Rxe8 Kxe8 44. f5 Ne7 45. Kf4 Nd5+ 46. Ke4
Nc3+ 47. Kf4 Ne2+ 48. Ke3 Ng1 49. h4 Kd7 50. h5 Nh3 51. Ke4 Ng5+ 52. Kf4 Kd6
53. Ke3 Ke5 54. h6 gxh6 0-1

[Event "Tournoi francophone 020E"]
[Site "Skype"]
[Date "????.??.??"]
[Round "2.4"]
[White "Rodriguez, Nathalie"]
[Black "Milanese, Serge"]
[Result "0-1"]
[WhiteElo "1224"]
[BlackElo "1202"]
[PlyCount "58"]

1. d4 d5 2. Nc3 Nf6 3. Bf4 a6 4. e3 Bf5 5. Nf3 e6 6. Bd3 Bxd3 7. Qxd3 Be7 8. h3
Nbd7 9. O-O O-O 10. Rfe1 c5 11. e4 c4 12. Qe3 Nxe4 13. Nxe4 dxe4 14. Qxe4 Qb6
15. Rab1 Nf6 16. Qe2 Rac8 17. c3 h6 18. Ne5 Nd5 19. Bg3 Qb5 20. Qd2 Qe8 21. Ng4
f5 22. Nxh6+ gxh6 23. Qxh6 Rc6 24. Be5 Bf6 25. g4 fxg4 26. hxg4 Rf7 27. Qg6+
Bg7 28. Bxg7 e5 29. Bxe5+ Rxg6 0-1

[Event "Tournoi francophone 020E"]
[Site "Skype"]
[Date "????.??.??"]
[Round "2.5"]
[White "Montilla Bejarano, Mey"]
[Black "Hargez, Dany"]
[Result "1/2-1/2"]
[WhiteElo "1088"]
[BlackElo "1296"]
[PlyCount "91"]

1. Nf3 Nf6 2. d4 d5 3. c4 Bf5 4. Qb3 b6 5. Nc3 dxc4 6. Qxc4 Be6 7. Qd3 Bd5 8.
e4 Bb7 9. Ne5 Ba6 10. Qe3 Bxf1 11. Rxf1 e6 12. Qf3 Bd6 13. Bf4 O-O 14. Qg3 Nh5
15. Qf3 Nxf4 16. Qxf4 Bxe5 17. Qxe5 Nc6 18. Qf4 Nxd4 19. Qd2 e5 20. O-O-O c5
21. f4 Qd6 22. fxe5 Qxe5 23. g3 Rad8 24. Kb1 Nc6 25. Qf2 Rxd1+ 26. Rxd1 h5 27.
Rd5 Qb8 28. Rxh5 Qd6 29. g4 b5 30. Qh4 f6 31. Rh8+ Kf7 32. Qh5+ Ke7 33. Nd5+
Kd7 34. Qf5+ Ke8 35. Qc8+ Qd8 36. Nxf6+ gxf6 37. Qxc6+ Kf7 38. Qb7+ Ke6 39.
Qd5+ Qxd5 40. exd5+ Kf7 41. Rxf8+ Kxf8 42. h4 Kf7 43. d6 Ke6 44. h5 Kxd6 45. h6
Ke7 46. h7 1/2-1/2

[Event "Tournoi francophone 020E"]
[Site "Skype"]
[Date "????.??.??"]
[Round "3.1"]
[White "Hargez, Dany"]
[Black "Ortis, Yves"]
[Result "1-0"]
[WhiteElo "1296"]
[BlackElo "1112"]
[PlyCount "59"]

1. e4 e5 2. Nf3 Nc6 3. Bc4 Bc5 4. O-O Nge7 5. Bd5 Nxd5 6. exd5 Nb4 7. Nxe5 Nxd5
8. d4 Bb6 9. Re1 O-O 10. c4 Nf6 11. Bg5 h6 12. Bh4 d6 13. Nd3 Bxd4 14. Nf4 Bxb2
15. Nd2 Bxa1 16. Qxa1 Qd7 17. h3 b6 18. Bxf6 Kh7 19. Bxg7 Rg8 20. Bf6 Qf5 21.
Qd4 c5 22. Qxd6 Bb7 23. Nd5 Bxd5 24. cxd5 Qd3 25. Nf3 Rae8 26. Ne5 Qd2 27. Rf1
Qxa2 28. Be7 c4 29. Nxf7 c3 30. Qxh6# 1-0

[Event "Tournoi francophone 020E"]
[Site "Skype"]
[Date "????.??.??"]
[Round "3.2"]
[White "Milanese, Serge"]
[Black "Montilla Bejarano, Mey"]
[Result "0-1"]
[WhiteElo "1202"]
[BlackElo "1088"]
[PlyCount "44"]

1. d4 Nf6 2. Bf4 d6 3. e3 b6 4. Nf3 Bb7 5. Bd3 c5 6. c3 Qc8 7. Nbd2 a6 8. O-O
Nh5 9. Re1 h6 10. Be4 g5 11. Nc4 Bxe4 12. Nxb6 Qc6 13. Nxa8 gxf4 14. exf4 Qxa8
15. Nd2 Bxg2 16. Qxh5 Bh1 17. f3 Bxf3 18. Nxf3 Rg8+ 19. Kf2 Nd7 20. d5 Nf6 21.
Qf5 Ng4+ 22. Kg3 Ne3+ 0-1

[Event "Tournoi francophone 020E"]
[Site "Skype"]
[Date "????.??.??"]
[Round "3.3"]
[White "De Fazio, Monica"]
[Black "Rodriguez, Nathalie"]
[Result "0-1"]
[WhiteElo "1008"]
[BlackElo "1224"]
[PlyCount "76"]

1. Nf3 d5 2. d4 Nf6 3. c4 c6 4. g3 h6 5. Bg2 Bf5 6. O-O Nbd7 7. b3 e6 8. Nc3
Be7 9. Bb2 O-O 10. Rc1 Rc8 11. e3 Ne4 12. cxd5 Nxc3 13. Bxc3 cxd5 14. Nd2 Ba3
15. Ra1 Rxc3 16. e4 Bg6 17. Nb1 Rc6 18. Nxa3 Qa5 19. Nc2 Bxe4 20. Bxe4 dxe4 21.
b4 Qf5 22. Ne3 Qb5 23. Qb3 Rfc8 24. a4 Qh5 25. d5 Rc3 26. Qa2 Nb6 27. dxe6 R3c7
28. exf7+ Rxf7 29. a5 Nd7 30. Rac1 Rcf8 31. Nd5 Qf3 32. Ne7+ Kh7 33. Rce1 Rxe7
34. Qd5 Nf6 35. Qc5 Ref7 36. Re3 Qh5 37. Qd4 Ng4 38. Qxe4+ g6 0-1

[Event "Tournoi francophone 020E"]
[Site "Skype"]
[Date "????.??.??"]
[Round "3.4"]
[White "Tolaro, Filippa"]
[Black "Codina, Teresa"]
[Result "0-1"]
[WhiteElo "1048"]
[BlackElo "1254"]
[PlyCount "76"]

1. Nf3 d5 2. d4 e6 3. b3 Be7 4. Bb2 Nf6 5. e3 O-O 6. Nbd2 Nbd7 7. Bd3 c5 8. c4
cxd4 9. exd4 b6 10. cxd5 Nxd5 11. Be4 Rb8 12. O-O Bb7 13. Nc4 N7f6 14. Nce5
Nxe4 15. Qd3 Nf4 16. Qb5 Nf6 17. Bc1 N4d5 18. Bd2 Qc8 19. Rac1 Qe8 20. Qc4 a5
21. Qc2 h6 22. Nc4 Rc8 23. Qb2 Ba6 24. Nxb6 Nxb6 25. Rfe1 Bb4 26. Bxb4 axb4 27.
Qd2 Nbd5 28. Ne5 Rxc1 29. Qxc1 Qa8 30. g4 Rc8 31. Qd2 Nc3 32. Qe3 Bb7 33. f3
Qxa2 34. Qd3 Ncd5 35. Qb5 Ba8 36. Nd7 Nf4 37. Nxf6+ gxf6 38. h4 Qg2# 0-1

[Event "Tournoi francophone 020E"]
[Site "Skype"]
[Date "????.??.??"]
[Round "3.5"]
[White "Gerbaux, Regis"]
[Black "Maccaferri, Massimo"]
[Result "1-0"]
[WhiteElo "1023"]
[BlackElo "1052"]
[PlyCount "65"]

1. e4 e5 2. Nf3 Nc6 3. c3 g5 4. d4 g4 5. Nxe5 Nxe5 6. dxe5 h5 7. g3 Bc5 8. Be3
Bxe3 9. fxe3 Qg5 10. Qd4 f6 11. exf6 Qxf6 12. Qxf6 Nxf6 13. Nd2 b6 14. Bg2 Bb7
15. Rg1 h4 16. e5 Nd5 17. O-O-O Nxe3 18. Bxb7 Rb8 19. Rde1 Rxb7 20. Rxe3 hxg3
21. Rexg3 Rxh2 22. Rxg4 d6 23. Rg8+ Ke7 24. R1g7+ Ke6 25. Re8+ Kd5 26. Rd7 Re2
27. Nf3 Re3 28. Rf8 Kc6 29. Re7 dxe5 30. Rf6+ Kd5 31. Kd2 Re4 32. Kd3 Rf4 33.
Rxe5# 1-0

[Event "Tournoi francophone 020E"]
[Site "Skype"]
[Date "????.??.??"]
[Round "4.1"]
[White "Ortis, Yves"]
[Black "Maccaferri, Massimo"]
[Result "1-0"]
[WhiteElo "1112"]
[BlackElo "1052"]
[PlyCount "87"]

1. d4 e5 2. dxe5 Nc6 3. f4 Qe7 4. c3 Qh4+ 5. g3 Qh6 6. Nf3 b6 7. e3 Bb7 8. Nbd2
Bc5 9. Ne4 Be7 10. Bd3 Qh3 11. Qc2 h6 12. Ng1 Qg4 13. Be2 Qg6 14. Bd2 Na5 15.
Nf3 Bxe4 16. Qc1 h5 17. c4 h4 18. Rg1 hxg3 19. Rxg3 Qh5 20. Nd4 Qxh2 21. Rg4
Bh4+ 22. Kd1 f5 23. Rxg7 O-O-O 24. Bb4 Qh1+ 25. Be1 Bxe1 26. Nc2 Bxc2+ 27. Qxc2
Bf2+ 28. Kd2 Qxa1 29. Rg2 Be1+ 30. Kd3 Qxa2 31. Kd4 c5+ 32. Kd3 d6 33. e4 dxe5+
34. Ke3 Nxc4+ 35. Bxc4 Qa5 36. Be6+ Kb8 37. Bxf5 Rh3+ 38. Bxh3 exf4+ 39. Kf3 c4
40. Qxc4 Qh5+ 41. Bg4 Qh1 42. e5 Rd2 43. Qxg8+ Kb7 44. Qc8# 1-0

[Event "Tournoi francophone 020E"]
[Site "Skype"]
[Date "????.??.??"]
[Round "4.2"]
[White "Codina, Teresa"]
[Black "Gerbaux, Regis"]
[Result "0-1"]
[WhiteElo "1254"]
[BlackElo "1023"]
[PlyCount "64"]

1. d4 d5 2. Nf3 Nf6 3. Bg5 Nbd7 4. e3 Ne4 5. Nbd2 Nxg5 6. Nxg5 h6 7. Ngf3 Nf6
8. Bd3 e6 9. a3 c5 10. c3 c4 11. Bc2 Be7 12. O-O O-O 13. a4 b6 14. b3 Ba6 15.
Re1 Rc8 16. bxc4 Bxc4 17. Nxc4 Rxc4 18. Qd3 Qc7 19. Ra2 Rxc3 20. Qd1 Rc8 21. e4
Rxc2 22. Rxc2 Qxc2 23. Qxc2 Rxc2 24. h4 Bb4 25. Re3 Rc1+ 26. Kh2 dxe4 27. Ne5
Bd6 28. f4 exf3 29. gxf3 Ra1 30. Rc3 Rxa4 31. Rc8+ Kh7 32. Rd8 Rxd4 0-1

[Event "Tournoi francophone 020E"]
[Site "Skype"]
[Date "????.??.??"]
[Round "4.3"]
[White "Rodriguez, Nathalie"]
[Black "Tolaro, Filippa"]
[Result "1-0"]
[WhiteElo "1224"]
[BlackElo "1048"]
[PlyCount "113"]

1. d4 d5 2. Bf4 Bf5 3. e3 e6 4. Nc3 Nf6 5. Nb5 Bd6 6. Nxd6+ cxd6 7. Bb5+ Nc6 8.
Nf3 a6 9. Ba4 Qa5+ 10. c3 Bg4 11. Bb3 e5 12. dxe5 dxe5 13. h3 Bxf3 14. Qxf3
exf4 15. Qxf4 O-O 16. O-O Rfe8 17. Rfd1 Re4 18. Qd6 Rd8 19. Qg3 Qc5 20. Rd3 Qe7
21. Rad1 Qe5 22. Qxe5 Rxe5 23. f4 Ree8 24. Kf2 h6 25. Kf3 g5 26. fxg5 Ne5+ 27.
Kf4 Nxd3+ 28. Rxd3 Kg7 29. gxf6+ Kxf6 30. g4 Re5 31. Rd4 h5 32. gxh5 Rxh5 33.
Kg3 Re5 34. Rf4+ Ke6 35. h4 Rxe3+ 36. Kg4 Rg8+ 37. Kh5 Rh8+ 38. Kg5 Re5+ 39.
Kg4 f5+ 40. Kf3 Re3+ 41. Kxe3 b5 42. Bc2 Rf8 43. h5 a5 44. h6 Ke5 45. h7 b4 46.
Rh4 f4+ 47. Kf3 Rh8 48. Rxf4 b3 49. axb3 Kd6 50. Rf6+ Ke7 51. Ra6 Rf8+ 52. Ke3
Kf7 53. Rxa5 Re8+ 54. Kd4 Kg7 55. Ra7+ Kf6 56. Kxd5 Rd8+ 57. Kc4 1-0

[Event "Tournoi francophone 020E"]
[Site "Skype"]
[Date "????.??.??"]
[Round "4.4"]
[White "Montilla Bejarano, Mey"]
[Black "De Fazio, Monica"]
[Result "0-1"]
[WhiteElo "1088"]
[BlackElo "1008"]
[PlyCount "80"]

1. d4 Nf6 2. c4 e6 3. Nc3 Bb4 4. Bd2 c5 5. d5 O-O 6. d6 Bxc3 7. Bxc3 Ne4 8. Qd3
Nxc3 9. Qxc3 Qb6 10. Rd1 Nc6 11. e3 Qa6 12. a3 b6 13. Nf3 Bb7 14. h4 f6 15. h5
h6 16. Rh3 Nd8 17. Bd3 Bxf3 18. gxf3 Nf7 19. Bc2 Ng5 20. Qd3 Qb7 21. Rg3 f5 22.
e4 f4 23. Rxg5 hxg5 24. Kd2 e5 25. Rg1 Rf6 26. Rxg5 Qc6 27. Rxe5 Rxd6 28. Rd5
Rxd5 29. Qxd5+ Qxd5+ 30. exd5 Kf7 31. Bg6+ Kf6 32. Ke1 Kg5 33. Kd2 d6 34. Kd3
Rb8 35. Kc3 b5 36. cxb5 Rxb5 37. Bd3 Ra5 38. Bg6 Kh4 39. Kd3 Ra4 40. Kc3 Kh3
0-1

[Event "Tournoi francophone 020E"]
[Site "Skype"]
[Date "????.??.??"]
[Round "4.5"]
[White "Hargez, Dany"]
[Black "Milanese, Serge"]
[Result "0-1"]
[WhiteElo "1296"]
[BlackElo "1202"]
[PlyCount "62"]

1. e4 e5 2. Nf3 Nc6 3. Bc4 Nf6 4. Nc3 Nxe4 5. Nxe4 d5 6. Bb5 dxe4 7. Bxc6+ bxc6
8. Nxe5 Qd6 9. Nc4 Qd4 10. Qe2 Be7 11. c3 Qd6 12. O-O Qg6 13. d4 Bh3 14. Ne3
O-O 15. Kh1 Bd7 16. f3 c5 17. Nd5 Bd6 18. fxe4 cxd4 19. Bf4 Rae8 20. cxd4 c6
21. Nc3 Be7 22. d5 cxd5 23. Nxd5 Bh4 24. Nc3 Bc6 25. Qc4 Bxe4 26. Nxe4 Rxe4 27.
Qd3 Rfe8 28. Bg3 Qe6 29. Bxh4 Rxh4 30. Rfe1 Qxe1+ 31. Rxe1 Rxe1+ 0-1

[Event "Tournoi francophone 020E"]
[Site "Skype"]
[Date "????.??.??"]
[Round "5.1"]
[White "Milanese, Serge"]
[Black "Ortis, Yves"]
[Result "1-0"]
[WhiteElo "1202"]
[BlackElo "1112"]
[PlyCount "73"]

1. d4 d5 2. Bf4 Bf5 3. e3 a6 4. Bd3 b6 5. Bxf5 e6 6. Bd3 h6 7. Nf3 Nc6 8. c3
Be7 9. Nbd2 Nf6 10. O-O Nh5 11. Ne5 Nxf4 12. Nxc6 Qd7 13. Ne5 Qd6 14. Qg4 Nxd3
15. Qxg7 O-O-O 16. Nxf7 Rhg8 17. Nxd6+ Bxd6 18. Qf6 Rde8 19. Nf3 Rgf8 20. Qg6
c5 21. Qxd3 c4 22. Qc2 Rf7 23. Qa4 b5 24. Qxa6+ Kd7 25. Qxb5+ Ke7 26. b3 Rxf3
27. gxf3 Rg8+ 28. Kh1 Rg5 29. bxc4 Bxh2 30. Kxh2 Rh5+ 31. Kg3 Rg5+ 32. Kh4 Kf6
33. cxd5 Rg2 34. d6 Rh2+ 35. Kg4 Rg2+ 36. Kf4 Rh2 37. Rh1 1-0

[Event "Tournoi francophone 020E"]
[Site "Skype"]
[Date "????.??.??"]
[Round "5.2"]
[White "De Fazio, Monica"]
[Black "Hargez, Dany"]
[Result "1-0"]
[WhiteElo "1008"]
[BlackElo "1296"]
[PlyCount "57"]

1. Nf3 Nc6 2. d4 d5 3. g3 Nf6 4. Bg2 Bg4 5. O-O Qd7 6. Ne5 Nxe5 7. dxe5 Bh3 8.
exf6 gxf6 9. Bxh3 Qxh3 10. Qxd5 c6 11. Qg2 Qd7 12. Nc3 e6 13. Rd1 Qc7 14. Ne4
Be7 15. Be3 e5 16. Bc5 f5 17. Nd6+ Bxd6 18. Bxd6 Qb6 19. Bxe5 Rg8 20. Qf3 h6
21. Qxf5 Rg5 22. Qd7+ Kf8 23. Bd6+ Kg8 24. Bf4 Rg6 25. Rd6 Qxb2 26. Rxg6+ fxg6
27. Qe6+ Kh7 28. Be5 Qb4 29. Qf7# 1-0

[Event "Tournoi francophone 020E"]
[Site "Skype"]
[Date "????.??.??"]
[Round "5.3"]
[White "Tolaro, Filippa"]
[Black "Montilla Bejarano, Mey"]
[Result "1-0"]
[WhiteElo "1048"]
[BlackElo "1088"]
[PlyCount "89"]

1. Nf3 Nf6 2. d4 e6 3. Bf4 c5 4. e3 d6 5. dxc5 Qa5+ 6. Nbd2 Qxc5 7. Bd3 Nc6 8.
O-O h6 9. Ne4 Nxe4 10. Bxe4 g5 11. Bg3 h5 12. h3 g4 13. Nd2 gxh3 14. gxh3 Rg8
15. Kh1 Bd7 16. Bf3 Rxg3 17. fxg3 Qxe3 18. Qe2 Qg5 19. Ne4 Qg7 20. Bxh5 Ne5 21.
Nf6+ Ke7 22. Ng4 Nxg4 23. Qxg4 Qxg4 24. Bxg4 Bg7 25. Bh5 Rf8 26. c3 Be8 27.
Rae1 Be5 28. Rf3 Bc6 29. Ref1 Bxf3+ 30. Rxf3 f5 31. Rd3 Rh8 32. g4 fxg4 33.
Bxg4 Rf8 34. Kg2 Rd8 35. h4 Kf6 36. Rf3+ Kg6 37. h5+ Kg5 38. Bxe6 Kxh5 39. Kh3
Kg5 40. Bd5 Rh8+ 41. Kg2 Rh2+ 42. Kf1 Rxb2 43. Rf7 Rb1+ 44. Ke2 Rb2+ 45. Kd3
1-0

[Event "Tournoi francophone 020E"]
[Site "Skype"]
[Date "????.??.??"]
[Round "5.4"]
[White "Gerbaux, Regis"]
[Black "Rodriguez, Nathalie"]
[Result "0-1"]
[WhiteElo "1023"]
[BlackElo "1224"]
[PlyCount "70"]

1. d4 d5 2. e3 Bf5 3. Bd3 Bxd3 4. Qxd3 Nf6 5. Nd2 Nc6 6. c3 e6 7. f4 h6 8. Ngf3
Be7 9. Ne5 Qd6 10. O-O O-O 11. b3 a6 12. a4 Nd7 13. Ba3 Nb4 14. Bxb4 c5 15. Ba3
Rac8 16. Ndf3 f6 17. Ng6 Rfe8 18. Nfe5 fxe5 19. fxe5 Qb6 20. c4 Qc6 21. Rac1 b6
22. Rce1 dxc4 23. Qxc4 Qd5 24. Qxa6 Qxb3 25. Nxe7+ Kh7 26. Nxc8 Qxa3 27. Nd6
Rb8 28. Qb7 Rxb7 29. Nxb7 Qxa4 30. Nd6 b5 31. Rf7 Nb6 32. Ref1 Qa3 33. R7f3 Nd5
34. e4 Ne3 35. Nc4 bxc4 0-1

[Event "Tournoi francophone 020E"]
[Site "Skype"]
[Date "????.??.??"]
[Round "5.5"]
[White "Maccaferri, Massimo"]
[Black "Codina, Teresa"]
[Result "0-1"]
[WhiteElo "1052"]
[BlackElo "1254"]
[PlyCount "68"]

1. b3 d5 2. Ba3 Nf6 3. Nc3 Nbd7 4. h3 b6 5. g4 c5 6. g5 Ne4 7. Nxd5 e6 8. f3
Nxg5 9. Ne3 Be7 10. Bg2 Rb8 11. Bb2 e5 12. f4 Ne4 13. fxe5 Bh4+ 14. Kf1 Ng3+
15. Kf2 Nxh1+ 16. Kf3 Qg5 17. Bxh1 Qg3+ 18. Ke4 Bb7+ 19. Nd5 O-O 20. Nf3 Qg6+
21. Ke3 Bd8 22. Qe1 Bxd5 23. Nh4 Bxh4 24. Qxh4 Bxh1 25. Rxh1 Nxe5 26. Bxe5 Rbe8
27. Qg4 Rxe5+ 28. Kf2 Rf5+ 29. Ke1 Rg5 30. Qf3 Re8 31. h4 Rg1+ 32. Rxg1 Qxg1+
33. Qf1 Qh2 34. Qf4 Qxf4 0-1

[Event "Tournoi francophone 020E"]
[Site "Skype"]
[Date "????.??.??"]
[Round "6.1"]
[White "Ortis, Yves"]
[Black "Codina, Teresa"]
[Result "0-1"]
[WhiteElo "1112"]
[BlackElo "1254"]
[PlyCount "58"]

1. d4 d5 2. f4 Nf6 3. h3 e6 4. e3 c5 5. c3 Nbd7 6. c4 cxd4 7. Qxd4 b6 8. Nc3
Bc5 9. Qd1 O-O 10. Bd3 h6 11. Nf3 Bb7 12. Bd2 dxc4 13. Bxc4 Rc8 14. Bd3 a6 15.
Na4 Bd6 16. b3 Re8 17. O-O e5 18. fxe5 Nxe5 19. Nxe5 Bxe5 20. Rb1 Qxd3 21. Nxb6
Rcd8 22. Nc4 Qe4 23. Rf3 Bb8 24. Bc3 Rxd1+ 25. Rxd1 Qg6 26. Rf2 Ne4 27. Rd7
Nxf2 28. Rxb7 Nxh3+ 29. Kh1 Qb1+ 0-1

[Event "Tournoi francophone 020E"]
[Site "Skype"]
[Date "????.??.??"]
[Round "6.2"]
[White "Rodriguez, Nathalie"]
[Black "Maccaferri, Massimo"]
[Result "0-1"]
[WhiteElo "1224"]
[BlackElo "1052"]
[PlyCount "80"]

1. d4 e5 2. dxe5 Nc6 3. Bf4 Qe7 4. e3 Qb4+ 5. Nc3 Qxb2 6. Nb5 Bb4+ 7. Ke2 Kd8
8. e6 Bd6 9. Nxd6 cxd6 10. Bxd6 b6 11. exf7 Ba6+ 12. Ke1 Qc3+ 13. Qd2 Qxa1+ 14.
Qd1 Qxd1+ 15. Kxd1 Nf6 16. Bxa6 Ne4 17. f8=Q+ Rxf8 18. Bxf8 Nxf2+ 19. Ke2 Nxh1
20. Bxg7 Ke7 21. Nf3 Rg8 22. Bc3 Rxg2+ 23. Kd3 Nf2+ 24. Kc4 Ne4 25. Nh4 Rxh2
26. Nf5+ Ke6 27. Ng7+ Kf7 28. Bc8 Nxc3 29. Kxc3 Kxg7 30. Bxd7 Ne5 31. Be6 Re2
32. e4 Rxe4 33. Bd5 Rf4 34. Kb3 h5 35. c4 h4 36. Kb4 h3 37. Kb5 h2 38. Ka6 Nf3
39. Bxf3 Rxf3 40. Kxa7 Rf6 0-1

[Event "Tournoi francophone 020E"]
[Site "Skype"]
[Date "????.??.??"]
[Round "6.3"]
[White "Montilla Bejarano, Mey"]
[Black "Gerbaux, Regis"]
[Result "1/2-1/2"]
[WhiteElo "1088"]
[BlackElo "1023"]
[PlyCount "52"]

1. d4 e5 2. c4 c5 3. d5 d6 4. e4 Nf6 5. Nc3 Be7 6. h3 Nbd7 7. f4 Nb6 8. Nf3 Nh5
9. Be3 Ng3 10. Rg1 O-O 11. Bd3 f5 12. exf5 Bxf5 13. fxe5 Bh4 14. Bf2 Bxd3 15.
Qxd3 Re8 16. e6 Nh5 17. Bxh4 Nf4 18. Bxd8 Nxd3+ 19. Kd2 Nxb2 20. Bxb6 Nxc4+ 21.
Kc2 Nxb6 22. Nb5 Nxd5 23. Rge1 Re7 24. Nxd6 g6 25. a3 Nf4 26. Re5 Nxe6 1/2-1/2

[Event "Tournoi francophone 020E"]
[Site "Skype"]
[Date "????.??.??"]
[Round "6.4"]
[White "Hargez, Dany"]
[Black "Tolaro, Filippa"]
[Result "0-1"]
[WhiteElo "1296"]
[BlackElo "1048"]
[PlyCount "84"]

1. d4 d5 2. Nf3 Bf5 3. Bf4 Nf6 4. e3 e6 5. Bd3 Bxd3 6. Qxd3 c5 7. c3 c4 8. Qc2
Bd6 9. Be5 Bxe5 10. dxe5 Ne4 11. Nbd2 Nxd2 12. Nxd2 Nd7 13. Nf3 O-O 14. h4 f6
15. Nd4 Qe8 16. f4 fxe5 17. Ne2 Qg6 18. Qxg6 hxg6 19. g4 Kf7 20. Rf1 exf4 21.
Nxf4 Nf6 22. Nh3 Ke7 23. Nf4 Kd6 24. Nxg6 Rfe8 25. Rf4 e5 26. Rf1 Nxg4 27. Ke2
Re6 28. h5 Rf6 29. Rad1 Rxf1 30. Rxf1 Nf6 31. Rd1 Nxh5 32. e4 Nf4+ 33. Nxf4
exf4 34. Rxd5+ Kc6 35. Rf5 f3+ 36. Rxf3 g5 37. Rf6+ Kc7 38. Rg6 Rd8 39. Rxg5 a5
40. Rxa5 b6 41. Rc5+ bxc5 42. e5 Re8 0-1

[Event "Tournoi francophone 020E"]
[Site "Skype"]
[Date "????.??.??"]
[Round "6.5"]
[White "Milanese, Serge"]
[Black "De Fazio, Monica"]
[Result "1-0"]
[WhiteElo "1202"]
[BlackElo "1008"]
[PlyCount "41"]

1. d4 e6 2. Nf3 d5 3. Bf4 Nf6 4. e3 Be7 5. Nbd2 O-O 6. Bd3 c5 7. c3 Nc6 8. Ne5
Nxe5 9. dxe5 Nd7 10. Nf3 c4 11. Bc2 b5 12. h4 h6 13. Nd4 Qb6 14. Qg4 f5 15. Qg6
Kh8 16. Bg5 Nxe5 17. Qh5 Bxg5 18. hxg5 Bd7 19. gxh6 Be8 20. hxg7+ Kg8 21. Qh7+
1-0

[Event "Tournoi francophone 020E"]
[Site "Skype"]
[Date "????.??.??"]
[Round "7.1"]
[White "De Fazio, Monica"]
[Black "Ortis, Yves"]
[Result "1-0"]
[WhiteElo "1008"]
[BlackElo "1112"]
[PlyCount "87"]

1. d4 d5 2. c4 e6 3. Nf3 Nc6 4. g3 b6 5. Bg2 Bb7 6. O-O h6 7. Nc3 a6 8. Bf4 g6
9. Qc2 Nge7 10. cxd5 Nb4 11. Qa4+ b5 12. Qxb4 Nxd5 13. Qb3 Nxf4 14. gxf4 Bd6
15. e3 O-O 16. Nh4 Qxh4 17. Bxb7 Ra7 18. Bg2 Re8 19. Rfe1 g5 20. Ne4 Be7 21.
fxg5 hxg5 22. Qd1 f5 23. Ng3 g4 24. f3 Kg7 25. e4 Rh8 26. Nf1 Bg5 27. d5 Be7
28. Qd4+ Kg6 29. exf5+ exf5 30. Rxe7 Qxe7 31. Qxa7 gxf3 32. Qd4 Rh5 33. Bxf3
Rh3 34. Kf2 Kg5 35. Re1 Qf8 36. Qe3+ f4 37. Qe5+ Kh6 38. Qe6+ Kg7 39. Re5 Qc5+
40. Kg2 Rh6 41. Qd7+ Kg6 42. Re6+ Kg5 43. Qg7+ Kf5 44. Be4# 1-0